English as an international language (Record no. 5900)
[ view plain ]
| 000 -LEADER | |
|---|---|
| fixed length control field | 01574nam a2200373Ia 4500 |
| 001 - CONTROL NUMBER | |
| control field | ebr10273952 |
| 003 - CONTROL NUMBER IDENTIFIER | |
| control field | CaPaEBR |
| 006 - FIXED-LENGTH DATA ELEMENTS--ADDITIONAL MATERIAL CHARACTERISTICS--GENERAL INFORMATION | |
| fixed length control field | m u |
| 007 - PHYSICAL DESCRIPTION FIXED FIELD--GENERAL INFORMATION | |
| fixed length control field | cr cn||||||||| |
| 008 - FIXED-LENGTH DATA ELEMENTS--GENERAL INFORMATION | |
| fixed length control field | 080807s2009 enka sb 001 0 eng d |
| 010 ## - LIBRARY OF CONGRESS CONTROL NUMBER | |
| Canceled/invalid LC control number | 2008035195 |
| 020 ## - INTERNATIONAL STANDARD BOOK NUMBER | |
| Cancelled/invalid ISBN | 1847691218 (hbk : alk. paper) |
| Cancelled/invalid ISBN | 1847691226 (pbk : alk. paper) |
| Cancelled/invalid ISBN | 1847691234 (ebook) |
| Cancelled/invalid ISBN | 9781847691217 (hbk : alk. paper) |
| Cancelled/invalid ISBN | 9781847691224 (pbk : alk. paper) |
| Cancelled/invalid ISBN | 9781847691231 (ebook) |
| 040 ## - CATALOGING SOURCE | |
| Original cataloging agency | CaPaEBR |
| Transcribing agency | CaPaEBR |
| 035 ## - SYSTEM CONTROL NUMBER | |
| System control number | (OCoLC)304518910 |
| 050 14 - LIBRARY OF CONGRESS CALL NUMBER | |
| Classification number | PE1128.A2 |
| Item number | E47245 2009eb |
| 245 00 - TITLE STATEMENT | |
| Title | English as an international language |
| Medium | [electronic resource] : |
| Remainder of title | perspectives and pedagogical issues / |
| Statement of responsibility, etc | edited by Farzad Sharifian. |
| 260 ## - PUBLICATION, DISTRIBUTION, ETC. (IMPRINT) | |
| Place of publication, distribution, etc | Bristol, UK ; |
| -- | Buffalo, NY : |
| Name of publisher, distributor, etc | Multilingual Matters, |
| Date of publication, distribution, etc | c2009. |
| 300 ## - PHYSICAL DESCRIPTION | |
| Extent | xv, 287 p. : |
| Other physical details | ill. |
| 490 1# - SERIES STATEMENT | |
| Series statement | New perspectives on language and education |
| 504 ## - BIBLIOGRAPHY, ETC. NOTE | |
| Bibliography, etc | Includes bibliographical references and index. |
| 533 ## - REPRODUCTION NOTE | |
| Type of reproduction | Electronic reproduction. |
| Place of reproduction | Palo Alto, Calif. : |
| Agency responsible for reproduction | ebrary, |
| Date of reproduction | 2011. |
| Note about reproduction | Available via World Wide Web. |
| -- | Access may be limited to ebrary affiliated libraries. |
| 650 #0 - SUBJECT ADDED ENTRY--TOPICAL TERM | |
| Topical term or geographic name as entry element | English language |
| General subdivision | Globalization. |
| Topical term or geographic name as entry element | English language |
| General subdivision | Study and teaching |
| -- | Foreign speakers. |
| 655 #7 - INDEX TERM--GENRE/FORM | |
| Genre/form data or focus term | Electronic books. |
| Source of term | local |
| 700 1# - ADDED ENTRY--PERSONAL NAME | |
| Personal name | Sharifian, Farzad. |
| 710 2# - ADDED ENTRY--CORPORATE NAME | |
| Corporate name or jurisdiction name as entry element | ebrary, Inc. |
| 830 #0 - SERIES ADDED ENTRY--UNIFORM TITLE | |
| Uniform title | New perspectives on language and education. |
| 856 40 - ELECTRONIC LOCATION AND ACCESS | |
| Uniform Resource Identifier | <a href="http://site.ebrary.com/lib/rucke/Doc?id=10273952">http://site.ebrary.com/lib/rucke/Doc?id=10273952</a> |
| Public note | An electronic book accessible through the World Wide Web; click to view |
No items available.
